Logo Biblioteca

La fiesta del chivo / (Registro nro. 894)

Detalles MARC
000 -LEADER
fixed length control field 01865nam a22002657a 4500
003 - CONTROL NUMBER IDENTIFIER
control field AR-RoUNCS
005 - DATE AND TIME OF LATEST TRANSACTION
control field 20260209152851.0
008 - FIXED-LENGTH DATA ELEMENTS--GENERAL INFORMATION
fixed length control field 140812s2010 ag gr 001 f spa
015 ## - NATIONAL BIBLIOGRAPHY NUMBER
National bibliography number AR-2010
020 ## - INTERNATIONAL STANDARD BOOK NUMBER
International Standard Book Number 978-987-04-1669-2
040 ## - CATALOGING SOURCE
Original cataloging agency AR-BaBN
Language of cataloging spa
Transcribing agency AR-RoUNCS
Description conventions aacr
080 1# - UNIVERSAL DECIMAL CLASSIFICATION NUMBER
Universal Decimal Classification number 82-31(85)
Edition identifier 2016
100 1# - MAIN ENTRY--PERSONAL NAME
Personal name Vargas Llosa, Mario,
Dates associated with a name 1936-2025
Relator term autor
Relationship aut
245 13 - TITLE STATEMENT
Title La fiesta del chivo /
Statement of responsibility, etc. Mario Vargas Llosa.
260 ## - PUBLICATION, DISTRIBUTION, ETC.
Place of publication, distribution, etc. Buenos Aires :
Name of publisher, distributor, etc. Alfaguara,
Date of publication, distribution, etc. 2010.
300 ## - PHYSICAL DESCRIPTION
Extent 518 p. ;
Dimensions 23 cm.
490 1# - SERIES STATEMENT
Series statement Biblioteca Mario Vargas Llosa
500 ## - GENERAL NOTE
General note En cubierta "Premio Nobel de Literatura 2010"
520 3# - SUMMARY, ETC.
Summary, etc. ¿Por qué regresa Urania Cabral a la isla que juró no volver a pisar? ¿Por qué sigue vacía y llena de miedo desde los catorce años? ¿Por qué no ha tenido un solo amor?<br/><br/>En La Fiesta del Chivo asistimos a un doble retorno. Mientras Urania visita a su padre en Santo Domingo, volvemos a 1961, cuando la capital dominicana aún se llamaba Ciudad Trujillo. Allí un hombre que no suda tiraniza a tres millones de personas sin saber que se gesta una maquiavélica transición a la democracia.<br/><br/>Vargas Llosa, un clásico contemporáneo, relata el fin de una era dando voz, entre otros personajes históricos, al impecable e implacable general Trujillo, apodado el Chivo, y al sosegado y hábil doctor Balaguer (sempiterno presidente de la República Dominicana).<br/><br/>Con un ritmo y una precisión difícilmente superables, este peruano universal muestra que la política puede consistir en abrirse camino entre cadáveres, y que un ser inocente puede convertirse en un regalo truculento.
600 14 - SUBJECT ADDED ENTRY--PERSONAL NAME
Personal name Trujillo Molina, Rafael Leónidas,
Dates associated with a name 1891-1961
Form subdivision Novela
650 #7 - SUBJECT ADDED ENTRY--TOPICAL TERM
Source of heading or term embne
Topical term or geographic name entry element Literatura peruana
651 #4 - SUBJECT ADDED ENTRY--GEOGRAPHIC NAME
Geographic name República Dominicana
General subdivision Política y gobierno
Chronological subdivision 1930-1961
Form subdivision Novela
655 #7 - INDEX TERM--GENRE/FORM
Genre/form data or focus term Novelas históricas
942 ## - ADDED ENTRY ELEMENTS (KOHA)
Source of classification or shelving scheme Universal Decimal Classification
Koha item type Libro de préstamo a domicilio
Suppress in OPAC No
Existencias
Withdrawn status Lost status Source of classification or shelving scheme Damaged status Not for loan Collection Home library Current library Date acquired Source of acquisition Total checkouts Full call number Barcode Date last seen Price effective from Koha item type
    Universal Decimal Classification     Colección General Biblioteca Escuela de Ciencias Sociales Biblioteca Escuela de Ciencias Sociales 09/02/2026 Donación 2023   82-31(85) V297 000469 09/02/2026 09/02/2026 Libro de préstamo a domicilio
Biblioteca de la Escuela Preuniversitaria en Ciencias Sociales y Humanísticas.
Riobamba 250 bis.
CP 2000 - Rosario - Santa Fe
E-Mail: biblioteca@esociales.unr.edu.ar